00321nam a2200133Ia 4500008004100000020001500041041001200056082001600068100001600084245003900100260002800139300000800167650001200175221030s9999 xx 000 0 und d a8172241569 aEnglish a105.23bCha aJ. Chalmers 0aHow to Organise Effective Training bJaico Pub.aDelhic1999 a128 aGeneral